00434nam a2200169Ia 4500008004100000020002200041041000800063082001600071100001600087245003900103260005300142300000900195440000600204500001400210650002400224700001600248230125s9999 xx 000 0 und d a978-81-291-1679-6 aeng a004.69bSTR aStrange C A aStart And Run An Internet Business c2010bRupa Publications India Pvt LtdaNew Delhi a230p v1 aInternet; aComputer Management aStrange C A